Music Quiz

Random Music or Artist Quiz

'We are the World: 25' Singers Quiz Stats

Quiz Updated Oct 13, 2016

Challenge
Share
Tweet
Embed
Score 0/87 Timer 10:00
0 Plays Today
Occupation Artists % Correct
singerJustin Bieber
51%
singer-songwriterJanet Jackson
49.6%
singer-songwriter, actressMiley Cyrus
48.7%
rapperLil Wayne
47.4%
rapper, producer, actorKanye West
44.1%
singerRandy Jackson
41.3%
singerCeline Dion
38.4%
boy bandJonas Brothers
36%
singerFergie
35.6%
rapper, singer-songwriter, actorWill.I.Am
35.4%
SingerTaj Jackson
34.3%
singerTJ Jackson
34.3%
singer-songwriterP!nk
34.2%
singerTaryll Jackson
34.1%
rapper, actorLL Cool J
33.9%
singer, songwriter, producerLionel Richie
32.6%
singer, actress, modelJennifer Hudson
30.9%
rapper, producerWyclef Jean
30.6%
producer, musical arrangerQuincy Jones
29.9%
singerUsher
29.1%
actor, comedian, singerJamie Foxx
27.2%
rapper, producerSnoop Dogg
26%
rapper, singer-songwriterT Pain
25.8%
singer-songwriter, producerAkon
20.7%
singer, producer actressMary J. Blige
20.4%
singer-songwriter, actressBarbra Streisand
20.2%
actress, model, musicianRashida Jones
19.9%
singer-songwriter, actorJosh Groban
19.8%
actress, singerNicole Richie
19.4%
Occupation Artists % Correct
gospel music duoMary Mary
17.9%
actor, comedianVince Vaughn
16.8%
singer-songwriter, guitaristAdam Levine
14.8%
singer-songwriterSugarland
12.5%
singerTony Bennett
12%
singerEnrique Iglesias
11.5%
singer-songwriter, dancer, actressNicole Scherzinger
11.3%
actor, musicianJeff Bridges
11.1%
singerZac Brown
10.5%
singerMusiq
10.2%
vocalist, songwriter, pianistIsaac Slade
7.6%
actor, recording artistDrake
7.5%
singer-songwriterJason Mraz
7.4%
singer-songwriter, actressToni Braxton
7.2%
singerJordin Sparks
6.9%
singer, guitaristOrianthi
6.1%
dancer, singerJulianne Hough
6.1%
singerJoel Madden
5.9%
rock bandHeart
5.8%
singerBenji Madden
5.3%
musicianBrian Wilson
5.2%
singer-songwriterKeri Hilson
5.2%
singerBebe Winans
5.2%
singer-songwriterRob Thomas
5%
singer-songwriter, actressGladys Knight
5%
rapper, singerKid Cudi
4.9%
singer-songwriterNatalie Cole
4.3%
singer, actressMya
4%
recording artist, producerTrey Songz
3.9%
Occupation Artists % Correct
singerBrandy
3.9%
vocalist, guitaristAl Jardine
3.8%
singer, rapperIyaz
3.7%
singer-songwriter, actressKatharine McPhee
3.7%
singer-songwriterRobin Thicke
3.6%
singer-songwriter, actressFaith Evans
3.4%
songwriter, producerRedOne
3.4%
singer, actorHarry Connick, Jr.
3.3%
singer-songwriter, rapper, actorTyrese Gibson
2.8%
singerPatti Austin
2.7%
singer-songwriterMelanie Fiona
2.4%
singer-songwriter, producerIndia.Arie
2.4%
producerPlain Pat
2.3%
rapperNipsey Hussle
2.2%
musicianAnthony Hamilton
2.2%
singer-songwriter, producerSean Garrett
2.1%
singer, actressFreda Payne
2%
ventriloquistKeith Harris
2%
producer, musicianA.R. Rahman
2%
musicianFarnsworth Bentley
1.9%
child prodigy pianistEthan Bortnick
1.9%
actorJimmy Jean-Louis
1.8%
bandEarth, Wind & Fire
1.8%
singer-songwriter, producerRaphael Saadiq
1.7%
singerNikka Costa
1.7%
rapperMann
1.6%
hip hop groupBone Thugs-n-Harmony
1.5%
director, composer, producerRickey Minor
1.4%
italian comedy groupIl Trio
1.1%

You're not logged in!

Compare scores with friends on all Sporcle quizzes.
Join for Free
OR
Log In

You Might Also Like...

Show Comments

Extras

Top Quizzes Today


Score Distribution

Your Account Isn't Verified!

In order to create a playlist on Sporcle, you need to verify the email address you used during registration. Go to your Sporcle Settings to finish the process.

Report this User

Report this user for behavior that violates our Community Guidelines.

Details: